| 000 | 00816nam a22002297a 4500 | ||
|---|---|---|---|
| 005 | 20170124105946.0 | ||
| 010 | _a916915 | ||
| 020 | _c15.00 | ||
| 035 | _a916915 | ||
| 037 | _bCen Lib/Ret | ||
| 040 |
_aDPL _bEN |
||
| 082 |
_a220.21 _bDEV |
||
| 245 |
_aDevotional texts of the Aaryans : _ctranslated and edited by Satyaananda Saastrī _bEnglish translation of Svaamii Dayaananda Sarasvatii's devotional treatise "Aaryaabhivinaya" / |
||
| 260 |
_aU.P. _bVirajaananda Vaidika Samsthaana |
||
| 270 |
_bGhaziabad _aSamnyaasa Aasrama |
||
| 300 |
_a212p. _c23cm(Hb) |
||
| 500 | _aIncludes bibliographical references and glossary | ||
| 650 |
_aHinduism -- Prayers and devotions _973498 |
||
| 650 |
_aHinduism _973499 |
||
| 700 |
_a Saastrii, Satyananda _912445 |
||
| 942 |
_2ddc _cEN _h220.21 _mDEV |
||
| 999 |
_c124933 _d124933 |
||